LEADER 01119nam0-22003251i-450- 001 990001713220403321 005 20110909130651.0 035 $a000171322 035 $aFED01000171322 035 $a(Aleph)000171322FED01 035 $a000171322 100 $a20030910d1866----km-y0itay50------ba 101 0 $ager 102 $aDE 105 $aaf------001yy 200 1 $a<>Wollhaar des Schafs in histologischer und technischer Beziehung mit vergleichender Berücksichtigung anderer Haare und der Haut$fvon W. v. Nathusius-Königsborn 210 $aBerlin$cWiegandt und Hempel$d1866 215 $aXVI, 200 p., 24 c. di tav.$cill.$d24 cm 610 0 $aOvini 676 $a636.3 700 1$aNathusius,$bWilhelm von$f<1821-1899>$0355015 801 0$aIT$bUNINA$gRICA$2UNIMARC 901 $aBK 912 $a990001713220403321 952 $a60 636.3 B 5$b4636$fFAGBC 952 $aIIIc C 103$b103$fDMVSF 959 $aFAGBC 959 $aDMVSF 996 $aWollhaar des Schafs in histologischer und technischer Beziehung mit vergleichender Berücksichtigung anderer Haare und der Haut$9358824 997 $aUNINA LEADER 01098nam2-2200361---450- 001 990003179050203316 005 20081127153052.0 010 $a972-27-1219-5 035 $a000317905 035 $aUSA01000317905 035 $a(ALEPH)000317905USA01 035 $a000317905 100 $a20081127h2003----km-y0itay50------ba 101 $apor 102 $aPT 105 $a||||||||001yy 200 1 $a<<2. :>> Os avisos do destino$fJosè Régio$gprefàcio de Isabel Vaz Ponce de Leão 210 $aLisboa$cImpresa Nacional-Casa da Moeda$d2003 215 $a386 p.$d24 cm 225 2 $aBiblioteca de autores portugueses 410 0$12001$aBiblioteca de autores portugueses 462 1$1001000317904$12001$a<> velha casa 606 0 $aLetteratura portoghese$2BNCF 676 $a869.09 700 1$aRÉGIO,$bJosé$0602821 801 0$aIT$bsalbc$gISBD 912 $a990003179050203316 951 $aVI.6.A. 102/2$b783 B L.G.$cVI.6.$d00183386 959 $aBK 969 $aUMA 979 $aPAOLA$b90$c20081127$lUSA01$h1530 996 $aOs avisos do destino$91014023 997 $aUNISA LEADER 01319nam0 2200301 i 450 001 VAN0000182 005 20110901014456.73 010 $a88-14-08970-1 100 $a20020503d2001 |0itac50 ba 101 $aita 102 $aIT 105 $a|||| ||||| 200 1 $aCarta dei diritti fondamentali dell'Unione europea$ecommentata con la giurisprudenza della Corte di giustizia CE e della Corte europea dei diritti dell'uomo e con i documenti rilevanti$fLuigi Ferrari Bravo, Francesco M. di Majo, Alfredo Rizzo 210 $aMilano$cGiuffrè$d2001 215 $aXIV, 372 p.$d23 cm. 606 $aCarta dei diritti$xUnione europea$3VANC000140$2FI 620 $dMilano$3VANL000284 676 $a341.759$v21 700 1$aFerrari Bravo$bLuigi$3VANV000170$0135051 701 1$aDi Majo$bFrancesco M.$3VANV000219$0262842 701 1$aRizzo$bAlfredo$3VANV000220$0166987 712 $aGiuffrè $3VANV109181$4650 801 $aIT$bSOL$c20230616$gRICA 899 $aBIBLIOTECA DEL DIPARTIMENTO DI GIURISPRUDENZA$1IT-CE0105$2VAN00 912 $aVAN0000182 950 $aBIBLIOTECA DEL DIPARTIMENTO DI GIURISPRUDENZA$d00CONS X.A.9 $e00 20398 20020503 996 $aCarta dei diritti fondamentali dell'Unione europea$9511992 997 $aUNICAMPANIA